| 000 | 01016naa a22002777a 4500 | ||
|---|---|---|---|
| 001 | BR9401366 | ||
| 003 | BR-BrBNA | ||
| 005 | 20240918180917.0 | ||
| 007 | ta | ||
| 008 | 230509b bl.||||| |||| 00| 0 por d | ||
| 040 |
_aBR-BrBNA _bpor _cBiblioteca Nacional de Agricultura |
||
| 041 | _a(Pt) | ||
| 072 | _aN10 | ||
| 090 | _aN10 BR9401366 | ||
| 100 | 1 | _aNaas, I. de A. | |
| 111 | 1 |
_a11. Congresso Brasileiro de Engenharia Agricola _cBrasilia, DF (Brazil) _d1981 |
|
| 245 | 1 | _aEfeito da variacao de cor de uma estrutura nas temperaturas internas | |
| 260 | 3 |
_aCampinas, SP (Brasil): _c1981. |
|
| 500 | _aAnais do 11. Congresso Brasileiro de Engenharia Agricola Campinas, SP (Brasil): 1981. v. 1 p. 351-359 (BR9401366-AM)N10 | ||
| 650 | _aInstalacao para Animal | ||
| 650 | _aTemperatura | ||
| 650 | _aCor | ||
| 773 | 0 |
_tAnais do 11. Congresso Brasileiro de Engenharia Agricola _wN10 BR9401366 _gCampinas, SP (Brasil), 1981. v. 1 p. 351-359 |
|
| 909 |
_a202404 _bLucia _c55 _dLucia Elande |
||
| 942 |
_cAM _2AGRIS |
||
| 999 |
_c322621 _d322621 |
||